000 00757nam a2200253Ia 4500
003 OSt
005 20220918165755.0
006 a|||||r|||| 00| 0
007 ta
008 220917b |||||||| |||| 00| 0 eng d
020 _a8172112807 (hbk)
_c500
024 _a243,127
037 _b136, 17/08/2010, Eastern Book Linkers
_cTextual
040 _aARTS
_cARTS
_beng
041 _2eng
_aeng
082 _aR37-65, P9
100 _aNigal Sahebrao Genu
_925466
245 0 _aVedic philosophy of values
260 _aNew Delhi
_bNorthern Book Centre India
_c2009
300 _axvi,171p
_ccm.
650 _aPHILOSOPHY
942 _hR37-65, P9
_cTEXL
_2CC
999 _c131039
_d131039